| 000 | 00352nam a2200109Ia 4500 | ||
|---|---|---|---|
| 008 | 180205s9999 xx 000 0 und d | ||
| 020 | _a9715504167 | ||
| 100 | _aVilla, Jose Garcia | ||
| 245 |
_cChua, Jonathan _aThe critical villa : _bEssays in literacy critism |
||
| 260 |
_aQuezon City _bAteneo de Manila University press _c2002 |
||
| 300 | _aix, 343 pages | ||
| 999 |
_c354765 _d354765 |
||